SEMINARIUM. RIVISTA PER I SEMINARI, VOCAZIONI ECCLESIASTICHE, UNIVERSITA. APRILE-GIUGNO 1976. (Record n. 324293)
[ formato base ]
| 000 -LEADER | |
|---|---|
| fixed length control field | 01580nas a2200277Ia 4500 |
| 001 - CONTROL NUMBER | |
| control field | R262-R5776 |
| 003 - CONTROL NUMBER IDENTIFIER | |
| control field | IT-CnALBA |
| 008 - FIXED-LENGTH DATA ELEMENTS--GENERAL INFORMATION | |
| fixed length control field | 170116c99999999xx |||||||||||| ||und|| |
| 040 ## - CATALOGING SOURCE | |
| Original cataloging agency | IT-CnALBA |
| Transcribing agency | IT-CnALBA |
| 041 ## - LANGUAGE CODE | |
| Language code of text/sound track or separate title | POLIGLOTTA |
| 999 ## - SYSTEM CONTROL NUMBERS (KOHA) | |
| Koha Dewey Subclass [OBSOLETE] | NO |
| 100 ## - MAIN ENTRY--PERSONAL NAME | |
| Personal name | CIPRIANI SETTIMIO, MONS. |
| 210 ## - ABBREVIATED TITLE | |
| Abbreviated title | SEMINARIUM |
| 222 ## - KEY TITLE | |
| Key title | SEMINARIUM |
| 245 #0 - TITLE STATEMENT | |
| Title | SEMINARIUM. RIVISTA PER I SEMINARI, VOCAZIONI ECCLESIASTICHE, UNIVERSITA. APRILE-GIUGNO 1976. |
| 250 ## - EDITION STATEMENT | |
| Edition statement | 1a ed. |
| 260 ## - PUBLICATION, DISTRIBUTION, ETC. (IMPRINT) | |
| Place of publication, distribution, etc. | ROMA |
| Name of publisher, distributor, etc. | POVE, PONT. OPERA VOCAZ. ECCL. |
| Date of publication, distribution, etc. | 1976 [1° Ed.:1976 - Ed.Ling.Originale: 1976] |
| 300 ## - PHYSICAL DESCRIPTION | |
| Extent | 320 p. |
| 310 ## - CURRENT PUBLICATION FREQUENCY | |
| Current publication frequency | TRIMESTRALE |
| 362 ## - DATES OF PUBLICATION AND/OR SEQUENTIAL DESIGNATION | |
| Dates of publication and/or sequential designation | Fascicolo: 2 / Anno: 28 (1976) |
| 500 ## - GENERAL NOTE | |
| General note | I MANUALI DI TEOLOGIA OGGI.. BREVE INDICE ANALITICO DEGLI ARGOMENTI NOTEVOLI DAL 1967 AL 1975. GARRONE G. AGAZZI A. TREMBLAY R. MIANO V. RYPAR F. CAPONE D, SPIAZZI R. INTRODUZIONE. PERCHÈ IL MANUALE. PROBLEMATICHE PEDAGOGICHE DEL LIBRO DI TESTO. LIBRI DI BASE NELLA TRADIZIONE DELLA FORMAZIONE SACERDOTALE. RASSEGNA DI TESTI TEOLOGICI IN VARIE LINGUE. |
| 501 ## - WITH NOTE | |
| With note | Società San Paolo EM - Piazza San Paolo, 14 - 12051 ALBA (CN) (non commercial uses only) ® Copyright 2017 |
| 520 ## - SUMMARY, ETC. | |
| Summary, etc. | I MANUALI DI TEOLOGIA OGGI.. BREVE INDICE ANALITICO DEGLI ARGOMENTI NOTEVOLI DAL 1967 AL 1975. GARRONE G. AGAZZI A. TREMBLAY R. MIANO V. RYPAR F. CAPONE D, SPIAZZI R. INTRODUZIONE. PERCHÈ IL MANUALE. PROBLEMATICHE PEDAGOGICHE DEL LIBRO DI TESTO. LIBRI DI BASE NELLA TRADIZIONE DELLA FORMAZIONE SACERDOTALE. RASSEGNA DI TESTI TEOLOGICI IN VARIE LINGUE. |
| 650 ## - SUBJECT ADDED ENTRY--TOPICAL TERM | |
| Topical term or geographic name as entry element | ECCLESIOLOGIA |
| 942 ## - ADDED ENTRY ELEMENTS (KOHA) | |
| Koha item type | RIVISTA |
| 957 ## - | |
| -- | 1 |
| 999 ## - SYSTEM CONTROL NUMBERS (KOHA) | |
| -- | 1 |
| Withdrawn status | Lost status | Damaged status | Not for loan | Home library | Current library | Date acquired | Total Checkouts | Full call number | Date last seen | Price effective from | Koha item type | Public note |
|---|---|---|---|---|---|---|---|---|---|---|---|---|
| Buone Condizioni | Not For Loan | ALBA - Biblioteca | ALBA - Biblioteca | 16/01/2017 | R262-R5776 | 16/01/2017 | 16/01/2017 | RIVISTA | (data import: 16 gennaio 2017) - By Epidotti, Vaglietti. |